00534nam a2200157Ia 4500008004100000041000800041082001700049100001900066245007100085260003300156300001200189365000700201650002100208999001900229952012800248210719s1977 xx 000 0 und d aeng a355.425 TABW aTABER (Robert) aWar of the flea: a study of guerrilla warfare theory and practice. aGrear BritainbPaladinc1977 a160bPB cRs aMilitary Science c212759d212759 001040708Political ScienceaALbALd1996-05-10l1o355.425 TABWpD00859r2025-08-29 11:06:59s2025-08-28w2021-07-19yDB